Quiz da Eslovénia - Statistics

Estatísticas Gerais
  • Esse quiz foi jogado 1 074 vezes
  • A pontuação média é 10 de 17
Estatísticas das Respostas
Dica Resposta % Correto
Países fazendo fronteira com a Eslovénia Croácia
91%
Moeda oficial Euro
89%
Língua oficial Esloveno
87%
Países fazendo fronteira com a Eslovénia Itália
86%
Países fazendo fronteira com a Eslovénia Hungria
85%
Países fazendo fronteira com a Eslovénia Áustria
84%
A Eslovénia fazia parte deste país até 1991 Jugoslávia
83%
Capital Liubliana
77%
Grupo étnico que inclui Eslovenos, Russos, e Poloneses Eslavos
66%
Parte do Mediterrâneo que faz fronteira com a Eslovénia Mar {Adriático}
52%
Eslovena que se tornou a primeira-dama dos Estados Unidos {Melania} Trump
48%
Entre 1880-1910, estima-se que 1/6 dos eslovenos emigraram para este país Estados Unidos
45%
Cordilheira onde a montanha acima está localizada {Alpes} Julianos
36%
Cite um dos três principais rios que passam pela Eslovênia Sava | Drava | Mur
29%
Segunda maior cidade Maribor
22%
Montanha mais alta, que aparece na bandeira Monte Triglav
13%
Moeda oficial antes do acima Tolar
12%
Nenhum quiz correspondente encontrado
Distribuição das Pontuações
Porcentagem de Pessoas com Cada Pontuação
Percentil de Números Respondidos
Sua Pontuação Histórica
Você não jogou esse quiz